La Organización Mundial del Comercio y la regulación del comercio internacional
Saved in:
| Hovedforfatter: | |
|---|---|
| Format: | Bog |
| Sprog: | spansk |
| Udgivet: |
Buenos Aires
LexisNexis
2007
|
| Udgivelse: | 1a. ed |
| Fag: | |
| Tags: |
Tilføj Tag
Ingen Tags, Vær først til at tagge denne postø!
|
MARC
| LEADER | 00000nam a2200000 a 4500 | ||
|---|---|---|---|
| 001 | UCI4317 | ||
| 003 | CL-VaPUC | ||
| 008 | 080111e20070000AG |||||||||||||||||spa|d | ||
| 020 | |a 9789875922631 | ||
| 082 | 0 | 4 | |a 343.087 |b BAS |2 21 |
| 100 | 0 | |a Basaldúa, Ricardo Xavier |e author |9 526140 | |
| 245 | 1 | 3 | |a La Organización Mundial del Comercio y la regulación del comercio internacional |
| 250 | |a 1a. ed | ||
| 300 | |a 632 p | ||
| 942 | |c BK | ||
| 945 | |d 20080111 00:00:00 |a cmena | ||
| 260 | |a Buenos Aires |b LexisNexis |c 2007 | ||
| 600 | 0 | 7 | |a OMC |2 CL-VaPUC |9 487550 |
| 600 | 0 | 7 | |a ORGANIZACION MUNDIAL DEL COMERCIO |2 CL-VaPUC |9 526141 |
| 650 | 7 | |a COMERCIO INTERNACIONAL |2 CL-VaPUC |9 526142 | |
| 650 | 0 | |a Derecho comercial |9 256340 | |
| 650 | 0 | |a Ordenamiento jurídico |9 355371 | |
| 650 | 0 | |a Tratados internacionales |9 256056 | |
| 650 | 0 | |a Propiedad intelectual |9 256126 | |
| 650 | 0 | |a Aranceles aduaneros |9 317344 | |
| 583 | |a last modification |c 20080111 00:00:00 |k Rodrigo Vera | ||
| 999 | |c 328271 |d 328269 | ||
| 952 | |0 0 |1 0 |4 0 |6 343_087000000000000_BAS_2007 |7 0 |8 A |9 412081 |a BIBDER |b BIBDER |d 2019-11-22 |i 4403258 |o 343.087 BAS 2007 |p 4403258 |r 2023-01-25 |w 2019-11-22 |y BK |k DER | ||